Central Library OPAC University of Rajshahi

Elements of chordate anatomy / (Record no. 73019)

MARC details
000 -LEADER
fixed length control field 00797nam a2200253 a 4500
001 - CONTROL NUMBER
control field 73019
003 - CONTROL NUMBER IDENTIFIER
rucl marc code BD-RjUL
005 - DATE AND TIME OF LATEST TRANSACTION
control field 20211209082335.0
008 - FIXED-LENGTH DATA ELEMENTS--GENERAL INFORMATION
fixed length control field 170527s1959 nyua 001 0 eng
035 ## - SYSTEM CONTROL NUMBER
System control number (BD-RjUL)73237
040 ## - CATALOGING SOURCE
Original cataloging agency DLC/ICU
Transcribing agency ICU
Modifying agency DLC
-- BD-RjUL
Language of cataloging eng
041 ## - LANGUAGE CODE
Language code of text/sound track or separate title eng
082 00 - DEWEY DECIMAL CLASSIFICATION NUMBER
Edition number 23
Classification number 596
Author mark and year WEE 1959
100 1# - MAIN ENTRY--PERSONAL NAME
Personal name Weichert, Charles K.
Fuller form of name (Charles Kipp),
Dates associated with a name 1902-
9 (RLIN) 128806
245 10 - TITLE STATEMENT
Title Elements of chordate anatomy /
Statement of responsibility, etc. Charles K Weichert
250 ## - EDITION STATEMENT
Edition statement 2nd ed.
260 ## - PUBLICATION, DISTRIBUTION, ETC. (IMPRINT)
Place of publication, distribution, etc. New York :
Name of publisher, distributor, etc. McGraw-Hill,
Date of publication, distribution, etc. 1959.
300 ## - PHYSICAL DESCRIPTION
Pagination 503 p. :
Illustrations ill. ;
Size 24 cm.
500 ## - GENERAL NOTE
General note Includes index
650 #0 - SUBJECT ADDED ENTRY--TOPICAL TERM
Topical term or geographic name as entry element Chordata
9 (RLIN) 215959
830 ## - SERIES ADDED ENTRY--UNIFORM TITLE
Uniform title McGraw-Hill publications in the zoological sciences
942 ## - ADDED ENTRY ELEMENTS (KOHA)
Source of classification or shelving scheme Dewey Decimal Classification
Koha item type Books
Holdings
Lost status Source of classification or shelving scheme Damaged status Not for loan Collection code Permanent Location Current Location Shelving location Date acquired Source of acquisition Cost, normal purchase price Total Checkouts Full call number Date last seen Copy number Koha item type
  Dewey Decimal Classification   Not For Loan Non-fiction Central Library, University of Rajshahi Central Library, University of Rajshahi Reading Room 22/01/1973 Paragon Enterprise ltd., Dhaka 27.00   596 WEE 1959 27/05/2017 C-1 Books
  Dewey Decimal Classification     Non-fiction Central Library, University of Rajshahi Central Library, University of Rajshahi   22/01/1973 Paragon Enterprise ltd., Dhaka 27.00   596 WEE 1959 27/05/2017 C-2 Books
  Dewey Decimal Classification     Non-fiction Central Library, University of Rajshahi Central Library, University of Rajshahi   22/01/1973 Paramont book Stoll , 27.00   596 WEE 1959 15/12/2018 C-3 Books
  Dewey Decimal Classification     Non-fiction Central Library, University of Rajshahi Central Library, University of Rajshahi   22/01/1973 Paramont book Stoll , 27.00   596 WEE 1959 15/12/2018 C-4 Books